Diverse learning styles of form 4 history students using a web based learning enviroment /
محفوظ في:
| المؤلف الرئيسي: | |
|---|---|
| التنسيق: | أطروحة كتاب |
| اللغة: | English |
| منشور في: |
2001.
|
| الوسوم: |
إضافة وسم
لا توجد وسوم, كن أول من يضع وسما على هذه التسجيلة!
|
| LEADER | 00974cam a2200241 i 4500 | ||
|---|---|---|---|
| 001 | u1127528 | ||
| 003 | SIRSI | ||
| 005 | 201911281714 | ||
| 008 | 191128s2001 my a m 000 0 eng | ||
| 040 | |a UMD |e rda | ||
| 090 | |a LB7 |b B1 UM 2001 Mar | ||
| 100 | 1 | |a Lim, Margaret Pei Tee., |e author. | |
| 245 | 1 | 0 | |a Diverse learning styles of form 4 history students using a web based learning enviroment / |c Margaret Lim Pei Tee. |
| 264 | 1 | |c 2001. | |
| 300 | |a ix, 109 leaves : |b illustrations ; |c 30 cm | ||
| 502 | |b M.Sc.Ed. |c Jabatan Pendidikan Matematik dan Sains, Fakulti Pendidikan, Universiti Malaya |d 2001. | ||
| 504 | |a Bibliography: leaves 71-76. | ||
| 710 | 2 | |a Universiti Malaya. |b Jabatan Pendidikan Matematik dan Sains. |e degree granting institution. | |
| 336 | |a text$2rdacontent | ||
| 337 | |a unmediated$2rdamedia | ||
| 338 | |a volume$2rdacarrier | ||
| 596 | |a 8 | ||
| 999 | |a LB7 B1 UM 2001 MAR |w LC |c 1 |i A517753445 |f 30/9/2022 |g 1 |l STACKS |m P08PENDIDI |r Y |s Y |t TESIS |u 30/9/2022 |0 EDU |1 AHSS | ||
